000 01431cam a22003977a 4500
003 CHAP
005 20220329141606.0
008 971013s1978 r 10010 d
010 _a70649
011 _a71621
035 _a81175
040 _cCHAP
082 _a635
_bA3 1977
111 0 0 _aAfrican Symposium on Horticultural Crops (
_n5
_d: 1977
_c: Khartoum)
_91047
245 0 _aProceedings
260 _aThe Hague :
_bInternational Society for Horticultural Science,
_c1978
300 _a240 p.
490 0 _aActa Horticulturae
_v; 84
590 _aBATCH-UPD
_b10
_c20130109
_lUCH01
_h2347
590 _aBATCH-UPD
_b10
_c20130110
_lUCH01
_h0519
590 _aBATCH-UPD
_b10
_c20130410
_lUCH01
_h0158
590 _aBATCH-UPD
_b10
_c20130913
_lUCH01
_h1922
590 _aCONVERSION
_b10
_c20130109
_lUCH01
_h1339
650 1 4 _aFruticultura
_xTrĂ³picos.
_943755
650 1 4 _aHorticultura tropical.
_956387
650 1 4 _aHorticultura
_xAfrica.
_956292
700 0 _aHassan, Gaafar M.
_eEd.
_953040
830 0 _aActa Horticulturae
_v; 84
_9739
852 2 _yISSUE
901 _aBK
942 _cLIBRO
949 _a635 A3 1977
_bBC
_cLIBRO
_d33724000243481
_eLIBRO
_fc.2
_h56172
_i81175
_si
949 _a635 A3 1977
_bBC
_cLIBRO
_d33724000244828
_eLIBRO
_fc.4
_h58992
_i81175
_si
949 _a635 A3 1977
_bBC
_cLIBRO
_d33724000244836
_eLIBRO
_fc.3
_h58991
_i81175
_si
949 _bBC
_cPS
_d-34377
_ePS
_i81175
_si
999 _c70649
_d70649